000 00228nam a22000857a 4500
008 160916b xxu||||| |||| 00| 0 eng d
100 _9605
_aShankaran.R.
245 _aHoney Suckle-W.B.-VI
260 _aNew Delhi
_bAPC. Publications
_c2010
999 _c3263
_d3263